000 01002nam a2200241 a 4500
001 71369
003 BD-RjUL
005 20211209082115.0
008 170502s1988 bg ||||| |||| 001 0 ben d
020 _c : Tk. 60.00
035 _a(BD-RjUL)71585
040 _aBD-RjUL
_bben
_cBD-RjUL
041 _aben
082 _223
_a891.44309
_bALA 1988
100 1 0 _aআলী, মুহম্মদ ইদরিস
_9211190
245 1 0 _aআমাদের উপন্যাসে বিষয়-চেতনা :
_bবিভাগোত্তর কাল /
_cমুহম্মদ ইদরিস আলী
260 _aঢাকা :
_bবাংলা একাডেমী,
_c১৯৮৮
300 _a১৮০ পৃ. ;
_c১৮ সেমি.
500 _aনির্ঘন্ট সম্বলিত
650 _aবাংলা সাহিত্য
_xইতিহাস ও সমালোচনা
_9211191
650 _aBengali literature
_xHistory and criticism
_9211192
942 _2ddc
_cBK
999 _c71369
_d71369